000
00308nam a2200145Ia 4500
100
_a
Kukde/S.P
650
_a
Electrical Engineering
942
_c
BK
654
_a
Electrical
245
_a
Electrical Engineering
260
_b
Sundar Dass
_a
Bombay
082
_a
621.3
300
_a
670
546
_a
ENGLISH
999
_c
18233
_d
18233